000 00281nam a22001337a 4500
008 170221b xxu||||| |||| 00| 0 eng d
020 _a0721690475
041 _aeng
080 _a615
100 _a5
101 _aSHF
245 _aPHARMACOLOGY
_cMcCUISTION.L.E
942 _2udc
_cBK
999 _c5980
_d5980